00853nam a2200217 a 450000100100000000500170001000800410002704000250006808200260009310000390011924500710015825000120022926000410024130000210028250400600030365100840036391000380044704900090048595201240049499900170061800002723320240409073641.0110330q1979 dr 001 0 spa d aDO-SdBNPbspacBNPHU a729.3053bF825t, 19791 aFranco, Franklin J.,d1936-94602010aTrujillismo :bgénesis y rehabilitación /cFranklin J. Franco. a2ª ed. aSanto Domingo :bNacional,c[1979?]. a125 p. ;c21 cm. aIncluye bibliografía y notas al final de capítulos. 4aRepública DominicanaxPolítica Y GobiernoyERA DE TRUJILLO, 1930-196191374 aValidado. Control de calidad EMS. aBNPD 0010718PDaPDbPDcHDd2011-03-30iLF1l0o729.3053 F825t, 1979p27233-10r2020-06-25w2020-06-25yLFPDZNo se presta c26725d26725